000 00481nam a2200193Ia 4500
003 GCL
008 140319s9999 xx 000 0 eng d
040 _aGCL /
_cGCL
082 0 4 _a843
_bJ P
100 1 _aJACQ, CHRISTIAN
245 1 0 _aLA PYRAMIDE ASSASSINEE /
_cJACQ, CHRISTIAN
260 _a[S.N] :
_bLIBRAIRIE PLON ،
_c1993
300 _a402 P
650 0 4 _aLITERATURE
650 0 4 _aFICTION
650 0 4 _aFRENCH FICTION
650 0 4 _aFRENCH LITERATURE
942 _2ddc
_cBK
999 _c11231
_d11231